00382pab a2200121 454500008004000000100002100040245014100061260000900202300001200211362001100223650001100234773001500245180718b2008 xxu||||| |||| 00| 0 eng d aRoy Burman, B.K. aAmbiguities, incongruities, inadequacies in scheduled tribes and other technical forest dwellers (recognition of forest rights) act 2006 c2008 ap.6-10. a28 Mar aTribes aMainstream